000 00834nam a2200325Ia 4500
008 210210b2006 xxu||||| |||| 00| 0 eng d
020 _a8178271400
041 _aeng
082 _a327.51 ASOS
100 _aASOPA (Sheel K)
245 _aStruggle for spheres of interest in trans-caucasia-central asia and Indias stakes
_bAppraisal of Indias central asia policy
260 _aNew Delhi
_bManak Publications Pvt Ltd.
_c2006
300 _axiv,376
650 _atrans-caucasia-central
650 _aStruggle
650 _astakes
650 _aspheres
650 _apolicy
650 _aof
650 _ainterest
650 _aIndias
650 _ain
650 _afor
650 _acentral
650 _aasia
650 _aAppraisal
650 _aand
690 _aInternational Relations
906 _a063209
999 _c133599
_d133599